| 000 | 00857ngm a22003130a 4500 | ||
|---|---|---|---|
| 001 | PT40434 | ||
| 003 | AR-LpoUNG | ||
| 005 | 20210201232329.0 | ||
| 007 | co ||u|||uuuuu | ||
| 008 | 191001s2002||||sp |||||||||||||||||spa d | ||
| 020 |
_a84254H 21136 _c$13.60 |
||
| 040 |
_aAR-LpoUNG _bspa _cAR-LpoUNG _eaacr |
||
| 041 | _aspa | ||
| 044 | _asp | ||
| 082 | 0 | _aR463 965dic | |
| 100 | 1 | _aCuervo, Rufino J. | |
| 245 | 1 | 0 | _aDiccionario de construcción y régimen de la lengua castellana |
| 260 |
_aBarcelona : _bHerder, _c2002. |
||
| 505 | 0 | _aAcompaña al impreso | |
| 650 | 4 | _aDICCIONARIOS | |
| 650 | 4 | _aETIMOLOGIA | |
| 650 | 4 | _aLENGUA ESPAÑOLA | |
| 650 | 4 | _aMATERIAL DE REFERENCIA | |
| 650 | 4 | _aORTOGRAFIA | |
| 651 | 4 | _aDOCUMENTOS TEORICOS O METODOLOGICOS | |
| 710 | 2 | _aInstituto Caro y Cuervo (Bogotá) | |
| 905 | _a40434 | ||
| 942 | _cLSALA | ||
| 999 |
_c53378 _d53378 |
||